000 00637nam a2200229Ia 4500
003 OSt
005 20220923221111.0
006 a|||||r|||| 00| 0
007 ta
008 220922b |||||||| |||| 00| 0 hin d
024 _a195,146
037 _cTextual
040 _aARTS
_cARTS
_bhin
041 _2hin
_ahin
082 _aRv5:N, 152J2
100 _aशर्मा, रामावतार
245 0 _aयूरेापीय दर्शन
246 _aYūreāpīya darshana
260 _c1987
942 _hRv5:N, 152J2
_cTEXL
_2CC
999 _c347386
_d347386